| 000 | 00508nam a2200181Ia 4500 | ||
|---|---|---|---|
| 003 | OSt | ||
| 005 | 20230522143306.0 | ||
| 008 | 210423s1996 xx 000 0 und d | ||
| 040 | _cAL | ||
| 041 | _aeng | ||
| 082 |
_a294.3 _223 _bBHAA |
||
| 100 |
_aBHATTACHARYA (N N). _9110287 |
||
| 245 | _aAncient indian riternals and their social contents. | ||
| 260 |
_aNew Delhi _bManohar Publications _c1996 |
||
| 365 |
_b450 _cINR |
||
| 906 | _aAncient ; contents. ; indian ; riternals ; social | ||
| 942 |
_2ddc _cBK |
||
| 999 |
_c172661 _d172661 |
||